Focus sur: Orophin - Tolkien - Statistiques

Statistiques générales
  • Ce quiz a été pris 3 fois
  • Le résultat moyen est 8 sur 11
Statistiques - réponses
Informations recherchées Réponses % Correct
Haldir
100%
Espèce Elfe
100%
Profession Garde
100%
Première apparition Le Seigneur des Anneaux: La Communauté de l'Anneau
100%
Frères Rûmil
100%
Groupe de l'espèce Sindar
100%
Ages durant lesquels il vécut Troisième (au moins)
100%
Royaume Lothlórien
67%
Cité Caras Galadhon
33%
Couleur des cheveux Doré
33%
Acteur l'interprétant dans les films Jason Secto
0%
Aucun quiz correspondant
Distribution des résultats
% des personnes avec chaque résultat
Percentile par nombre de réponses
Votre historique - résultats
Vous n’avez pas pris ce quiz